Selma's peacemaker : Ralph Smeltzer and civil rights mediation /

Bibliographic Details
Main Author: Longenecker, Stephen L., 1951-
Format: Book
Language:English
Published: Philadelphia : Temple University Press, 1987.
Subjects:

MARC

Tag First Indicator Second Indicator Subfields
LEADER 00000cam a22000008a 4500
001 in00000007822
005 20151002070033.0
008 861205s1987 paua b 00110 eng
010 |a  86030128  
020 |a 0877224897 (alk. paper) :  |c $24.95 
035 |a (OCoLC)15015821 
035 |9 AAA0152AM 
040 |a DLC  |c DLC  |d m/c  |d TXA  |d UtOrBLW 
043 |a n-us-al 
050 0 0 |a F334.S4  |b L66 1987 
100 1 |a Longenecker, Stephen L.,  |d 1951- 
245 1 0 |a Selma's peacemaker :  |b Ralph Smeltzer and civil rights mediation /  |c Stephen L. Longenecker. 
264 1 |a Philadelphia :  |b Temple University Press,  |c 1987. 
300 |a xii, 273 pages :  |b illustrations 
336 |a text  |b txt  |2 rdacontent 
337 |a unmediated  |b n  |2 rdamedia 
338 |a volume  |b nc  |2 rdacarrier 
536 |a Dr. Paul P. Van Riper Collection, Department of Political Science. 
504 |a Bibliography: pages 234-264. 
500 |a Includes index. 
650 0 |a African Americans  |x Civil rights  |z Alabama  |z Selma. 
600 1 0 |a Smeltzer, Ralph E.,  |d 1916- 
651 0 |a Selma (Ala.)  |x Race relations. 
999 |a MARS 
999 f f |s 11a405bc-2b5d-39d1-8830-fcf9c4bc2865  |i eedcc41e-7cf6-3b77-b6ce-4bd796837bd6  |t 0 
952 f f |p ric  |a Texas A&M University  |b Rellis Campus  |c Joint Library Facility  |d Remote Storage  |t 0  |e F334.S4 L66 1987  |h Library of Congress classification  |i unmediated -- volume  |m A14821260484 
998 f f |a F334.S4 L66 1987  |t 0  |l Remote Storage